Edward W. said (1935-2003) the critic between the text and the world (Record no. 59351)

000 -LEADER
fixed length control field 00386pab a2200145 454500
008 - FIXED-LENGTH DATA ELEMENTS--GENERAL INFORMATION
fixed length control field 180718b2003 xxu||||| |||| 00| 0 eng d
100 ## - MAIN ENTRY--PERSONAL NAME
Personal name Bhattacharya, Mihir
245 ## - TITLE STATEMENT
Title Edward W. said (1935-2003) the critic between the text and the world
260 ## - PUBLICATION, DISTRIBUTION, ETC.
Date of publication, distribution, etc. 2003
300 ## - PHYSICAL DESCRIPTION
Extent p.108-12.
362 ## - DATES OF PUBLICATION AND/OR SEQUENTIAL DESIGNATION
Dates of publication and/or sequential designation Sep-Oct
650 ## - SUBJECT ADDED ENTRY--TOPICAL TERM
Topical term or geographic name entry element Said, Edward W.
773 ## - HOST ITEM ENTRY
Main entry heading Social Scientist
909 ## -
-- 59351
Holdings
Withdrawn status Lost status Damaged status Not for loan Permanent Location Current Location Date acquired Serial Enumeration / chronology Barcode Date last seen Price effective from Koha item type
        Indian Institute of Public Administration Indian Institute of Public Administration 2018-07-19 Volume no: 31, Issue no: 9-10 AR59796 2018-07-19 2018-07-19 Articles

Powered by Koha